| 000 | 01395nam0a2200385 4500 | ||
|---|---|---|---|
| 001 | RU\NLR\bibl\388333 | ||
| 005 | 20250622155824.0 | ||
| 010 |
_a(В пер.) _bВ пер. _95000 |
||
| 021 |
_aRU _b2002-67894 _93288 |
||
| 035 | _a(NLR Aleph) 000382669 | ||
| 090 |
_a465603 _c465603 |
||
| 100 | _a20030402d2003 |||y0rusy50 ca | ||
| 101 | 0 | _arus | |
| 102 | _aRU | ||
| 105 | _ay ||||||||| | ||
| 200 | 1 |
_aНалогообложение торговых операций _fМ. Н. Агафонова |
|
| 210 |
_aМ. _cБератор-пресс _d2003 |
||
| 215 |
_a314, [1] с. _d21 |
||
| 225 | 1 |
_aЖурнал "Бухгалтерские консультации" _x1607-5102 _vВып. 21, 2002 |
|
| 606 | 0 |
_aТорговля _xНалоговое обложение _yРоссийская Федерация _92125611 _3RU\NLR\auth\661283058 |
|
| 610 | 0 | _aТорговые предприятия - Налоговое обложение | |
| 610 | 0 | _aНалоговый учет | |
| 675 |
_a657 _v3 _zrus |
||
| 686 |
_a06.75 _2rugasnti |
||
| 686 |
_a65.052 _2rubbk |
||
| 686 | _aУ052.9(2)242.1 | ||
| 686 | _aУ26(2)141.3 | ||
| 700 | 1 |
_aАгафонова _bМ. Н. _gМарина Николаевна _4070 |
|
| 801 | 0 |
_aRU _bRKP _c20030402 _gPSBO |
|
| 801 | 1 |
_aRU _bRKP _c20030402 |
|
| 801 | 2 |
_aRU _bNLR _c20030516 _grcr |
|
| 942 | _cBOOK | ||
| 980 | _aNB | ||